[Event "Madrid ch - Previa A"]
[Site "Madrid ESP"]
[Date "2010.11.17"]
[Round "5.1"]
[White "Camarero Izquierdo, Juan Carlos"]
[Black "Montero Garcia, Fco. Javier"]
[Result "1-0"]
[WhiteElo "1876"]
[BlackElo "1925"]
[PlyCount "115"]
[EventDate "2010.11.10"]
[EventType "swiss"]
[EventRounds "9"]
[EventCountry "ESP"]
[Source "lmi"]
[SourceDate "2010.11.10"]

1. e4 c5 2. Nf3 e6 3. d4 cxd4 4. Nxd4 Nf6 5. Bd3 Nc6 6. Be3 d5 7. Nxc6 bxc6 8.
e5 Nd7 9. f4 Nc5 10. O-O Nxd3 11. Qxd3 Be7 12. Nd2 a5 13. Qc3 Bd7 14. Bc5 O-O
15. Bxe7 Qxe7 16. Nb3 a4 17. Nc5 Rfb8 18. b4 Bc8 19. a3 Ba6 20. Rf3 Bc4 21. Re1
Re8 22. Rg3 Rad8 23. Ne4 Kh8 24. Nd6 Rxd6 25. exd6 Qa7+ 26. Kh1 f6 27. Qe3 Qd7
28. Qc5 Kg8 29. Rge3 Kf7 30. Rh3 Kg8 31. Rh4 h6 32. Rg4 Rd8 33. h4 Qxd6 34.
Qxd6 Rxd6 35. h5 Kf7 36. Re3 Rd8 37. Kg1 Re8 38. Kf2 Rd8 39. Reg3 Rg8 40. Ke3
Bb5 41. Kd4 Be2 42. Rh4 Rc8 43. Kc5 Bb5 44. Rh1 Rg8 45. Re1 Re8 46. Rge3 Re7
47. Kd6 c5 48. Kxc5 Bd7 49. b5 Re8 50. b6 Rc8+ 51. Kd6 Ke8 52. Rxe6+ Bxe6 53.
Rxe6+ Kf7 54. Re7+ Kf8 55. Ra7 Rxc2 56. b7 Rb2 57. Ra8+ Kf7 58. b8=Q 1-0

[Event "Madrid ch - Previa A"]
[Site "Madrid ESP"]
[Date "2010.11.17"]
[Round "5.2"]
[White "Rodriguez Vignote, Javier"]
[Black "Fernandez Aransay, Fernando"]
[Result "1-0"]
[WhiteElo "1904"]
[BlackElo "1925"]
[PlyCount "89"]
[EventDate "2010.11.10"]
[EventType "swiss"]
[EventRounds "9"]
[EventCountry "ESP"]
[Source "lmi"]
[SourceDate "2010.11.10"]

1. d4 Nf6 2. c4 e6 3. Nc3 Bb4 4. e3 O-O 5. Bd3 b6 6. Nge2 Bb7 7. O-O Ng4 8. h3
Nh6 9. e4 Qh4 10. a3 Bd6 11. e5 Be7 12. Nf4 Nf5 13. Bxf5 exf5 14. g3 Qh6 15.
Kh2 Bg5 16. Ncd5 Na6 17. Qc2 d6 18. h4 dxe5 19. dxe5 Bxf4 20. Bxf4 Qe6 21. Rad1
Rac8 22. b4 c5 23. b5 Nc7 24. Nxc7 Rxc7 25. Rd6 Qc8 26. Rfd1 Ba8 27. Qd3 Qb7
28. Qf1 h6 29. e6 fxe6 30. Rxe6 Rd7 31. Red6 Rxd6 32. Rxd6 Re8 33. Rd5 Kh7 34.
Qd3 Rf8 35. Bd6 Rf6 36. Be5 Rf7 37. f4 Qe7 38. Rd8 Qb7 39. Qd5 Qxd5 40. cxd5
Bb7 41. h5 c4 42. d6 a6 43. a4 axb5 44. axb5 Bd5 45. d7 1-0

[Event "Madrid ch - Previa A"]
[Site "Madrid ESP"]
[Date "2010.11.17"]
[Round "5.3"]
[White "Canseco Arenas, Alfonso"]
[Black "Lozano Sanchez, Jose Antonio"]
[Result "0-1"]
[WhiteElo "1808"]
[BlackElo "1913"]
[PlyCount "74"]
[EventDate "2010.11.10"]
[EventType "swiss"]
[EventRounds "9"]
[EventCountry "ESP"]
[Source "lmi"]
[SourceDate "2010.11.10"]

1. e4 e5 2. c4 Nc6 3. Nc3 Bc5 4. g3 a6 5. Bg2 Nf6 6. h3 d6 7. Nge2 h6 8. d3 O-O
9. O-O Nh7 10. g4 Nd4 11. Ng3 c6 12. Kh2 Ng5 13. Nf5 Kh7 14. f4 exf4 15. Bxf4
Bxf5 16. gxf5 f6 17. Ne2 Qe7 18. Ng3 Rad8 19. h4 Nf7 20. Nh5 Ne5 21. Bg3 Rd7
22. Nf4 Qe8 23. Ne6 Rff7 24. Bf2 Nxe6 25. fxe6 Qxe6 26. Bh3 Qe7 27. d4 Rd8 28.
dxc5 dxc5 29. Qe2 Rff8 30. Rad1 Rd6 31. Rxd6 Qxd6 32. Rd1 Ng4+ 33. Kg2 Qh2+ 34.
Kf1 Qxh3+ 35. Ke1 Qh1+ 36. Kd2 Rd8+ 37. Kc1 Qxd1+ 0-1

[Event "Madrid ch - Previa A"]
[Site "Madrid ESP"]
[Date "2010.11.17"]
[Round "5.4"]
[White "Lopez Garralon, Miguel"]
[Black "Garcia Salamero, Hector"]
[Result "1/2-1/2"]
[WhiteElo "1882"]
[BlackElo "1815"]
[PlyCount "20"]
[EventDate "2010.11.10"]
[EventType "swiss"]
[EventRounds "9"]
[EventCountry "ESP"]
[Source "lmi"]
[SourceDate "2010.11.10"]

1. e4 e5 2. Nf3 Nf6 3. d4 Nxe4 4. Bd3 d5 5. Nxe5 Nd7 6. Nxd7 Bxd7 7. O-O Bd6 8.
Re1 Bxh2+ 9. Kxh2 Qh4+ 10. Kg1 Qxf2+ 1/2-1/2

[Event "Madrid ch - Previa A"]
[Site "Madrid ESP"]
[Date "2010.11.17"]
[Round "5.5"]
[White "Perez Cameselle, Francisco"]
[Black "Beekhof Harmsen, Willen"]
[Result "1-0"]
[WhiteElo "1882"]
[BlackElo "1806"]
[PlyCount "81"]
[EventDate "2010.11.10"]
[EventType "swiss"]
[EventRounds "9"]
[EventCountry "ESP"]
[Source "lmi"]
[SourceDate "2010.11.10"]

1. e4 d6 2. d4 Nf6 3. Nc3 e5 4. dxe5 Ng4 5. exd6 Bxd6 6. Nf3 O-O 7. Bc4 c6 8.
h3 Ne5 9. Nxe5 Bxe5 10. Qxd8 Rxd8 11. Bd2 b5 12. Be2 Na6 13. O-O-O Bb7 14. f3
Nc5 15. Be3 Ne6 16. Rxd8+ Rxd8 17. Rd1 Rxd1+ 18. Nxd1 a5 19. Nf2 Bd4 20. Bxd4
Nxd4 21. Kd2 c5 22. c3 Nxe2 23. Kxe2 f6 24. Nd3 c4 25. Nc5 Bc6 26. Ke3 Kf7 27.
g3 Ke7 28. f4 Kd6 29. Kd4 Be8 30. Nb7+ Kc7 31. Nxa5 Kb6 32. b4 Bd7 33. h4 Be6
34. f5 Bd7 35. Kd5 g6 36. fxg6 hxg6 37. Kd6 Bg4 38. Nc6 Bf3 39. e5 fxe5 40.
Nxe5 Be4 41. Ke6 1-0

[Event "Madrid ch - Previa A"]
[Site "Madrid ESP"]
[Date "2010.11.17"]
[Round "5.6"]
[White "Galan Aguado, Fernando"]
[Black "Cano Cabanillas, Javier"]
[Result "1/2-1/2"]
[WhiteElo "1820"]
[BlackElo "1918"]
[PlyCount "118"]
[EventDate "2010.11.10"]
[EventType "swiss"]
[EventRounds "9"]
[EventCountry "ESP"]
[Source "lmi"]
[SourceDate "2010.11.10"]

1. d4 Nf6 2. Nf3 g6 3. Bf4 Bg7 4. e3 d5 5. h3 O-O 6. Be2 c5 7. c3 Qb6 8. Qb3
Qxb3 9. axb3 Nc6 10. dxc5 Ne4 11. b4 e5 12. Bh2 Re8 13. Bd3 f5 14. Bb5 d4 15.
O-O dxc3 16. bxc3 Bd7 17. Rd1 Re7 18. Ra3 a6 19. Nbd2 Nxd2 20. Rxd2 h6 21. Rd6
Kh7 22. Bc4 Rae8 23. b5 axb5 24. Bxb5 Rc8 25. Nd2 Nb8 26. c6 Bxc6 27. Bf1 Ree8
28. Ra5 e4 29. Nb1 Rcd8 30. Ra8 Nd7 31. Rxd8 Rxd8 32. Rd1 Ra8 33. Bd6 Ra1 34.
Be2 Ba4 35. Rf1 Nb6 36. Bc5 Nd7 37. Bd4 Ne5 38. Nd2 Ra2 39. Nc4 Rxe2 40. Nxe5
Bb5 41. Rb1 Ba6 42. Nd7 Ra2 43. Nc5 Bxd4 44. cxd4 b5 45. Nxa6 Rxa6 46. Rxb5 Kg7
47. Kh2 Kf6 48. Re5 Ra2 49. Kg3 Ra6 50. h4 h5 51. Rc5 Rd6 52. Kf4 Ra6 53. d5
Ra2 54. Rc6+ Kf7 55. Kg3 Rd2 56. Rd6 Rd1 57. Rd7+ Kf6 58. Rd6+ Kf7 59. Rd7+ Kf6
1/2-1/2

[Event "Madrid ch - Previa A"]
[Site "Madrid ESP"]
[Date "2010.11.17"]
[Round "5.7"]
[White "Pardo Robles, Jose Manuel"]
[Black "Rojas Pozo, Jose Luis"]
[Result "1-0"]
[WhiteElo "1871"]
[BlackElo "1946"]
[PlyCount "89"]
[EventDate "2010.11.10"]
[EventType "swiss"]
[EventRounds "9"]
[EventCountry "ESP"]
[Source "lmi"]
[SourceDate "2010.11.10"]

1. e4 c6 2. d4 d5 3. exd5 cxd5 4. c4 Nf6 5. Nc3 Nc6 6. Nf3 Be6 7. c5 g6 8. Bb5
Bg7 9. Ne5 Qc8 10. Qa4 Bd7 11. Nxd7 Qxd7 12. O-O O-O 13. Be3 Ng4 14. h3 Nxe3
15. fxe3 a6 16. Be2 Qe6 17. Rf3 Bh6 18. Kf2 f5 19. Nxd5 Qe4 20. Nf4 Nd8 21. Bd3
Qc6 22. Qxc6 Nxc6 23. Bc4+ Kh8 24. Ne6 Rf6 25. g4 fxg4 26. hxg4 Rxf3+ 27. Kxf3
Rc8 28. Ke4 Nd8 29. Rh1 Bg7 30. b4 Nxe6 31. Bxe6 Rd8 32. Rc1 Bf6 33. a4 Bh4 34.
c6 bxc6 35. Rxc6 Ra8 36. Kd5 Kg7 37. b5 axb5 38. axb5 Bg3 39. b6 h5 40. gxh5
gxh5 41. e4 Ra5+ 42. Rc5 Ra8 43. e5 Rb8 44. Kc6 Bf2 45. Rd5 1-0

[Event "Madrid ch - Previa A"]
[Site "Madrid ESP"]
[Date "2010.11.17"]
[Round "5.9"]
[White "Lopez Peral, Enrique"]
[Black "Perez Del Amo, Jorge"]
[Result "1/2-1/2"]
[WhiteElo "1881"]
[BlackElo "1812"]
[PlyCount "23"]
[EventDate "2010.11.10"]
[EventType "swiss"]
[EventRounds "9"]
[EventCountry "ESP"]
[Source "lmi"]
[SourceDate "2010.11.10"]

1. c4 Nf6 2. Nc3 e6 3. d4 Bb4 4. a3 Bxc3+ 5. bxc3 d5 6. e3 c5 7. cxd5 exd5 8.
Bb5+ Bd7 9. Bxd7+ Nbxd7 10. Ne2 Qa5 11. O-O O-O 12. Bb2 1/2-1/2

[Event "Madrid ch - Previa A"]
[Site "Madrid ESP"]
[Date "2010.11.17"]
[Round "5.10"]
[White "Osorio Ramos, Francisco"]
[Black "Monge Gilgado, Eva Maria"]
[Result "1/2-1/2"]
[WhiteElo "1879"]
[BlackElo "1812"]
[PlyCount "37"]
[EventDate "2010.11.10"]
[EventType "swiss"]
[EventRounds "9"]
[EventCountry "ESP"]
[Source "lmi"]
[SourceDate "2010.11.10"]

1. Nf3 d6 2. d4 f5 3. c4 g6 4. Nc3 Bg7 5. g3 Nf6 6. Bg2 O-O 7. O-O Qe8 8. Bf4
c6 9. d5 h6 10. h4 Nh5 11. e3 e5 12. dxe6 Nxf4 13. exf4 Qxe6 14. Re1 Qf6 15.
Rc1 Na6 16. Na4 Bd7 17. c5 d5 18. Bf1 Nc7 19. Ne5 1/2-1/2

[Event "Madrid ch - Previa A"]
[Site "Madrid ESP"]
[Date "2010.11.17"]
[Round "5.11"]
[White "Maseda Iglesias, Luis"]
[Black "Noriega De La Sierra, Antonio"]
[Result "1/2-1/2"]
[WhiteElo "1787"]
[BlackElo "1862"]
[PlyCount "39"]
[EventDate "2010.11.10"]
[EventType "swiss"]
[EventRounds "9"]
[EventCountry "ESP"]
[Source "lmi"]
[SourceDate "2010.11.10"]

1. d4 Nf6 2. Nf3 g6 3. c4 Bg7 4. Nc3 d5 5. Qb3 dxc4 6. Qxc4 O-O 7. e4 c6 8. e5
Nd5 9. Nxd5 Qxd5 10. Qxd5 cxd5 11. Be3 Nc6 12. Rc1 f6 13. Bb5 Bd7 14. exf6 Bxf6
15. Bxc6 Bxc6 16. O-O Rac8 17. Rc3 Bd7 18. Rfc1 Rxc3 19. Rxc3 Rc8 20. Rxc8+
1/2-1/2

[Event "Madrid ch - Previa A"]
[Site "Madrid ESP"]
[Date "2010.11.17"]
[Round "5.12"]
[White "Garcia Lopez, Pedro"]
[Black "Martinez Miura, Enrique"]
[Result "1-0"]
[WhiteElo "1854"]
[BlackElo "1733"]
[PlyCount "85"]
[EventDate "2010.11.10"]
[EventType "swiss"]
[EventRounds "9"]
[EventCountry "ESP"]
[Source "lmi"]
[SourceDate "2010.11.10"]

1. d4 e6 2. c4 d5 3. e3 Nf6 4. Nc3 c6 5. Nf3 Be7 6. a3 O-O 7. cxd5 exd5 8. Bd3
Bg4 9. h3 Bxf3 10. Qxf3 Nbd7 11. O-O Bd6 12. b4 Qc7 13. Bd2 Rfe8 14. Rfc1 Qd8
15. Kh1 a6 16. Na4 Ne4 17. Be1 Re6 18. Nc5 Ndxc5 19. bxc5 Bc7 20. Kg1 b5 21.
cxb6 Bxb6 22. Bxe4 dxe4 23. Qe2 Rg6 24. Rc2 Qg5 25. f4 exf3 26. Qxf3 Rf6 27.
Qg3 Qd5 28. Rb1 Rg6 29. Qh2 Qe4 30. Rcb2 Bd8 31. Bf2 h6 32. g4 Kh7 33. Qf4 Qd3
34. Rb3 Qc2 35. R1b2 Qd1+ 36. Kg2 Rf6 37. Qe4+ g6 38. Rb1 Qe2 39. Rf1 Bc7 40.
Rbb1 Rf4 41. Qxc6 Rxg4+ 42. Kh1 Rg3 43. Bxg3 1-0

[Event "Madrid ch - Previa A"]
[Site "Madrid ESP"]
[Date "2010.11.17"]
[Round "5.13"]
[White "Gonzalo Gonzalez, Francisco"]
[Black "Boni De Aristizabal, Marco"]
[Result "1-0"]
[WhiteElo "1764"]
[BlackElo "1827"]
[PlyCount "87"]
[EventDate "2010.11.10"]
[EventType "swiss"]
[EventRounds "9"]
[EventCountry "ESP"]
[Source "lmi"]
[SourceDate "2010.11.10"]

1. e4 Nf6 2. e5 Nd5 3. c4 Nb6 4. d4 d6 5. Nf3 g6 6. Qb3 Bg7 7. Nc3 O-O 8. Be3
Nc6 9. O-O-O Nd7 10. Bf4 b6 11. h4 Ndb8 12. h5 Bf5 13. Bd3 Qd7 14. Ne4 a5 15.
a3 a4 16. Qc3 Na5 17. hxg6 fxg6 18. Bh6 Nb3+ 19. Kb1 Nc6 20. Bxg7 Kxg7 21. Neg5
h6 22. e6 Qe8 23. Bxf5 Rxf5 24. d5+ Ne5 25. Nf7 Rxf7 26. exf7 Qxf7 27. Nxe5
dxe5 28. Qxe5+ Qf6 29. Qxf6+ exf6 30. Rhe1 Kf7 31. Re6 Re8 32. Rxe8 Kxe8 33.
Re1+ Kf7 34. Kc2 Nc5 35. Kc3 f5 36. f3 g5 37. Re3 h5 38. Kd4 Kf6 39. Re8 g4 40.
f4 Nb3+ 41. Ke3 Nc5 42. Rc8 Na6 43. Rh8 Kg6 44. Rg8+ 1-0

[Event "Madrid ch - Previa A"]
[Site "Madrid ESP"]
[Date "2010.11.17"]
[Round "5.14"]
[White "Benito Alba, Eladio"]
[Black "Ananian, Arman"]
[Result "1-0"]
[WhiteElo "1761"]
[BlackElo "1823"]
[PlyCount "131"]
[EventDate "2010.11.10"]
[EventType "swiss"]
[EventRounds "9"]
[EventCountry "ESP"]
[Source "lmi"]
[SourceDate "2010.11.10"]

1. d4 Nf6 2. Nf3 g6 3. g3 Bg7 4. Bg2 d6 5. b3 O-O 6. Bb2 c6 7. O-O Bf5 8. c4
Re8 9. Nc3 Nbd7 10. Nh4 Nf8 11. Nxf5 gxf5 12. e4 fxe4 13. Nxe4 d5 14. Nxf6+
Bxf6 15. cxd5 cxd5 16. Rc1 Qd7 17. Qf3 Red8 18. Rc5 b6 19. Rxd5 Qxd5 20. Qxd5
Rxd5 21. Bxd5 Rd8 22. Bf3 Bxd4 23. Ba3 Ng6 24. Rc1 Rd7 25. Kg2 e6 26. Rc8+ Kg7
27. Bc6 Re7 28. Bxe7 Nxe7 29. Rc7 Bc5 30. Bf3 a5 31. Be4 Ng8 32. f4 Nf6 33. Kf3
Kf8 34. g4 h6 35. g5 hxg5 36. fxg5 Ne8 37. Rc8 Ke7 38. Bc6 Nd6 39. Ra8 Nf5 40.
Be4 Nd4+ 41. Kg4 f5+ 42. gxf6+ Kxf6 43. h4 Nb5 44. h5 Bd4 45. h6 Nd6 46. h7 Kf7
47. Kf3 Ne8 48. Bc6 Kg7 49. h8=Q+ Kxh8 50. Rxe8+ Kg7 51. Rxe6 Kf7 52. Re4 Bc5
53. Kf4 Kf6 54. Re1 Bb4 55. Re2 Bc5 56. Bd5 Bd6+ 57. Kg4 Be5 58. Rf2+ Ke7 59.
Kf5 Kd6 60. Ke4 Bg7 61. Rc2 b5 62. Rc6+ Kd7 63. Kf5 Bd4 64. Ra6 Bc3 65. Bc6+
Kc7 66. Bxb5 1-0

[Event "Madrid ch - Previa A"]
[Site "Madrid ESP"]
[Date "2010.11.17"]
[Round "5.15"]
[White "Sarabia Utrilla, Joaquin"]
[Black "Lucia Carpintero, Oscar"]
[Result "1-0"]
[WhiteElo "1820"]
[BlackElo "1668"]
[PlyCount "79"]
[EventDate "2010.11.10"]
[EventType "swiss"]
[EventRounds "9"]
[EventCountry "ESP"]
[Source "lmi"]
[SourceDate "2010.11.10"]

1. d4 Nf6 2. c4 c5 3. d5 b5 4. b3 bxc4 5. bxc4 d6 6. Nd2 g6 7. Bb2 Bg7 8. e4
Nbd7 9. Be2 Qa5 10. f4 Rb8 11. Qc2 O-O 12. e5 Ne4 13. Ngf3 Nxd2 14. Nxd2 dxe5
15. Bc3 Qc7 16. O-O exf4 17. Bxg7 Kxg7 18. Qe4 Rb2 19. Nb3 Nf6 20. Qd3 Bf5 21.
Qd1 a5 22. Bd3 Ng4 23. Qc1 f3 24. Qxb2+ f6 25. gxf3 Bxd3 26. fxg4 Rb8 27. Rf3
Bxc4 28. g5 Qd6 29. Qc3 Bxd5 30. Rd1 Qc6 31. Nxa5 Qe6 32. Re1 Qd6 33. Rfe3 e6
34. Qxf6+ Kg8 35. Rf1 Rf8 36. Qxf8+ Qxf8 37. Rxf8+ Kxf8 38. a3 c4 39. Rc3 e5
40. Nxc4 1-0

[Event "Madrid ch - Previa A"]
[Site "Madrid ESP"]
[Date "2010.11.17"]
[Round "5.16"]
[White "De Dompablo Fantova, Juan"]
[Black "Fernandez Martinez, Jose"]
[Result "1/2-1/2"]
[WhiteElo "1755"]
[BlackElo "1794"]
[PlyCount "145"]
[EventDate "2010.11.10"]
[EventType "swiss"]
[EventRounds "9"]
[EventCountry "ESP"]
[Source "lmi"]
[SourceDate "2010.11.10"]

1. c4 Nf6 2. g3 e6 3. Bg2 d5 4. Nf3 Bd6 5. O-O O-O 6. d4 dxc4 7. Qc2 Nc6 8.
Qxc4 e5 9. dxe5 Nxe5 10. Nxe5 Bxe5 11. Qc2 c6 12. Nc3 Be6 13. h3 Qe7 14. Be3
Rfd8 15. Rfd1 a6 16. Na4 Rxd1+ 17. Rxd1 Rd8 18. Rxd8+ Qxd8 19. Nc5 Bc8 20. g4
h6 21. f4 Bc7 22. Nd3 Nd5 23. Bd2 Bb6+ 24. Nc5 Qd6 25. b4 Nxf4 26. Bxf4 Qxf4
27. Qc3 Qd6 28. Qe3 Be6 29. a3 Qd1+ 30. Kf2 Qd6 31. Bf3 a5 32. Kg2 axb4 33.
axb4 Bd5 34. Qc3 Bxc5 35. bxc5 Qe6 36. e4 Bxe4 37. Qb2 Bxf3+ 38. Kxf3 Qd5+ 39.
Kg3 Qd3+ 40. Kg2 Qb5 41. Qe5 Qb3 42. Qe8+ Kh7 43. Qe4+ g6 44. Qe7 Qb2+ 45. Kf3
Qc3+ 46. Kg2 Kg7 47. Qxb7 Qxc5 48. Qb2+ Kg8 49. Qb8+ Qf8 50. Qc7 Qe8 51. Qd6
Qe6 52. Qd8+ Kh7 53. Qc7 Qd5+ 54. Kf1 c5 55. Ke2 Kg7 56. Kf1 c4 57. Ke1 Qd4 58.
Qa5 c3 59. Qa2 Qd2+ 60. Qxd2 cxd2+ 61. Kxd2 Kf6 62. Ke3 Ke5 63. h4 f6 64. Kf3
f5 65. gxf5 Kxf5 66. Kg3 h5 67. Kf3 g5 68. hxg5 Kxg5 69. Kg3 h4+ 70. Kh3 Kh5
71. Kh2 Kg4 72. Kg2 h3+ 73. Kh2 1/2-1/2

[Event "Madrid ch - Previa A"]
[Site "Madrid ESP"]
[Date "2010.11.17"]
[Round "5.17"]
[White "Hernandez Del Can, Jose"]
[Black "Olano Lanchas, Dionisio"]
[Result "0-1"]
[WhiteElo "1726"]
[BlackElo "1765"]
[PlyCount "130"]
[EventDate "2010.11.10"]
[EventType "swiss"]
[EventRounds "9"]
[EventCountry "ESP"]
[Source "lmi"]
[SourceDate "2010.11.10"]

1. c4 e5 2. Nc3 c6 3. Nf3 d6 4. g3 Nf6 5. d3 Be7 6. Bg2 Bg4 7. h3 Bf5 8. e4 Be6
9. O-O Qc8 10. Kh2 h6 11. b3 Qc7 12. d4 exd4 13. Nxd4 Bc8 14. Be3 Nh7 15. f4
Bf6 16. Rc1 O-O 17. Nf3 Nd7 18. Bd4 Be7 19. e5 dxe5 20. Nxe5 Bf6 21. Nxd7 Bxd7
22. Ne4 Bxd4 23. Qxd4 Bf5 24. Qf2 Rae8 25. Rfe1 b6 26. Re3 Re7 27. Rce1 Rfe8
28. Nd2 Rxe3 29. Rxe3 Rxe3 30. Qxe3 Nf6 31. Nf3 Be4 32. Ne5 Bxg2 33. Kxg2 Qd6
34. Qd3 Qxd3 35. Nxd3 Ne4 36. Kf3 Nd6 37. Ne5 c5 38. Nc6 a5 39. Ne7+ Kf8 40.
Nd5 b5 41. Ne3 g6 42. g4 Ke7 43. Nd5+ Kd7 44. cxb5 Nxb5 45. Nb6+ Kc6 46. Nc4 f6
47. Nxa5+ Kd5 48. Nc4 Nd4+ 49. Kf2 Nb5 50. Ke3 Nc3 51. a4 Nxa4 52. Nd2 Nc3 53.
Nc4 Nb5 54. Nb6+ Kc6 55. Nc4 Nd4 56. Nd2 Kd5 57. h4 h5 58. Ne4 f5 59. gxf5
Nxf5+ 60. Kd3 Nxh4 61. Nc3+ Kc6 62. Kc4 Nf5 63. Ne4 Nd6+ 64. Kd3 Nxe4 65. Kxe4
Kb5 0-1

[Event "Madrid ch - Previa A"]
[Site "Madrid ESP"]
[Date "2010.11.17"]
[Round "5.18"]
[White "Fernandez Garcia, Ignacio"]
[Black "Benito Mellado, Humberto"]
[Result "1-0"]
[WhiteElo "1948"]
[BlackElo "1626"]
[PlyCount "71"]
[EventDate "2010.11.10"]
[EventType "swiss"]
[EventRounds "9"]
[EventCountry "ESP"]
[Source "lmi"]
[SourceDate "2010.11.10"]

1. e4 c5 2. Nf3 d6 3. Bc4 Nf6 4. e5 dxe5 5. Nxe5 e6 6. O-O Nbd7 7. Nf3 Be7 8.
Nc3 a6 9. d4 Nb6 10. Be2 O-O 11. Be3 Nbd5 12. Bd2 Nxc3 13. Bxc3 Nd5 14. Bd2 b5
15. dxc5 Bxc5 16. Bd3 Nf6 17. Bg5 h6 18. Bh4 Bb7 19. Qe2 Be7 20. Rad1 Qc7 21.
Ne5 Nh7 22. Bxh7+ Kxh7 23. Bxe7 Qxe7 24. Rd7 Qf6 25. Rxb7 Qf5 26. Rd1 f6 27.
Nf3 Rfd8 28. Rd3 e5 29. Nh4 Qg5 30. Qe4+ Kg8 31. g3 Rxd3 32. Qxd3 Qg4 33. Nf5
e4 34. Qd7 e3 35. Nxh6+ gxh6 36. Qh7+ 1-0

[Event "Madrid ch - Previa A"]
[Site "Madrid ESP"]
[Date "2010.11.17"]
[Round "5.19"]
[White "Kalynovsky, Martin"]
[Black "Tirado Parra, Alberto"]
[Result "1-0"]
[WhiteElo "1694"]
[BlackElo "1908"]
[PlyCount "107"]
[EventDate "2010.11.10"]
[EventType "swiss"]
[EventRounds "9"]
[EventCountry "ESP"]
[Source "lmi"]
[SourceDate "2010.11.10"]

1. e4 b6 2. g3 Bb7 3. Bg2 e6 4. Nc3 Nf6 5. d4 d5 6. exd5 Nxd5 7. Nxd5 Bxd5 8.
Nf3 Be7 9. Be3 O-O 10. O-O Nd7 11. b3 Nf6 12. c4 Bb7 13. h3 Rc8 14. Qc2 c5 15.
Rad1 Qc7 16. dxc5 Bxc5 17. Bf4 Be4 18. Qc3 Qb7 19. Ne1 Rfd8 20. Nf3 Nd5 21. Qd2
Nxf4 22. Qxf4 e5 23. Qg4 f5 24. Rxd8+ Rxd8 25. Qg5 Be7 26. Qe3 Rd3 27. Qe2 Bxf3
28. Qxd3 Bxg2 29. Re1 Be4 30. Qc3 Bf6 31. a3 Bh1 32. Kf1 f4 33. gxf4 Qg2+ 34.
Ke2 Qe4+ 35. Kf1 Qxf4 36. c5 Bh4 37. Re2 Bf3 38. Rc2 Qf5 39. Qc4+ Kh8 40. c6
Qxh3+ 41. Ke1 Qh1+ 42. Qf1 Bd8 43. Qxh1 Bxh1 44. c7 Bxc7 45. Rxc7 h5 46. Rxa7
Bd5 47. b4 b5 48. Re7 Bc4 49. Rxe5 g6 50. Rc5 Bd3 51. Rc3 Be4 52. f3 Bf5 53.
Kf2 Kg7 54. Rc5 1-0

[Event "Madrid ch - Previa A"]
[Site "Madrid ESP"]
[Date "2010.11.17"]
[Round "5.20"]
[White "Marcelo De La Mata, Daniel"]
[Black "Diaz Begonte, Manuel"]
[Result "0-1"]
[WhiteElo "1684"]
[BlackElo "1781"]
[PlyCount "74"]
[EventDate "2010.11.10"]
[EventType "swiss"]
[EventRounds "9"]
[EventCountry "ESP"]
[Source "lmi"]
[SourceDate "2010.11.10"]

1. d4 d5 2. b3 g6 3. Nd2 Bg7 4. e3 c5 5. Bb2 Nc6 6. Ngf3 Nh6 7. Bb5 O-O 8. O-O
Nf5 9. c3 cxd4 10. cxd4 Bd7 11. Rc1 Rc8 12. Be2 h5 13. Nb1 Nd6 14. Nc3 e6 15.
Ba3 Be8 16. Nb5 Nxb5 17. Bxf8 Bxf8 18. Bxb5 a6 19. Be2 f6 20. Ne1 Rc7 21. Nd3
Bd6 22. f4 Rg7 23. Nc5 Qe7 24. Bf3 Bf7 25. Rf2 e5 26. fxe5 fxe5 27. Na4 e4 28.
Be2 Qc7 29. g3 Be6 30. Nc5 Bh3 31. Bf1 Bxg3 32. Bxh3 Bxf2+ 33. Kxf2 Qxh2+ 34.
Ke1 Qxh3 35. Qe2 Rf7 36. Nxa6 Qg3+ 37. Kd1 Rf2 0-1

[Event "Madrid ch - Previa A"]
[Site "Madrid ESP"]
[Date "2010.11.17"]
[Round "5.23"]
[White "Benitez Cadenas, Luis Miguel"]
[Black "Martin Rodriguez, Jose L"]
[Result "1-0"]
[WhiteElo "1724"]
[BlackElo "1502"]
[PlyCount "59"]
[EventDate "2010.11.10"]
[EventType "swiss"]
[EventRounds "9"]
[EventCountry "ESP"]
[Source "lmi"]
[SourceDate "2010.11.10"]

1. d4 Nf6 2. c4 e6 3. Nf3 Bb4+ 4. Bd2 Qe7 5. Nc3 c5 6. e3 cxd4 7. Nxd4 Bxc3 8.
Bxc3 Ne4 9. Qg4 Nxc3 10. Qxg7 Qf8 11. Qxf8+ Kxf8 12. bxc3 Nc6 13. Nxc6 bxc6 14.
Rb1 Ba6 15. Be2 Ke7 16. c5 Bxe2 17. Kxe2 Rhg8 18. g3 Rg5 19. Rb3 Rxc5 20. Rhb1
h5 21. h4 Kd6 22. f3 Rg8 23. Rg1 Rc4 24. e4 Kc7 25. Kd3 d5 26. e5 Rxh4 27. Rgb1
c5 28. Rb7+ Kc6 29. gxh4 Rg3 30. Rxf7 1-0

[Event "Madrid ch - Previa A"]
[Site "Madrid ESP"]
[Date "2010.11.17"]
[Round "5.24"]
[White "Zhynguel Ramirez De Verger, Aleksei"]
[Black "Rodriguez Lopez-Cañizares, Francisco"]
[Result "0-1"]
[WhiteElo "1443"]
[BlackElo "1680"]
[PlyCount "34"]
[EventDate "2010.11.10"]
[EventType "swiss"]
[EventRounds "9"]
[EventCountry "ESP"]
[Source "lmi"]
[SourceDate "2010.11.10"]

1. d4 Nf6 2. Nf3 c5 3. Nc3 cxd4 4. Nxd4 d5 5. Bf4 Nc6 6. Nxc6 bxc6 7. e3 e6 8.
Bd3 a5 9. a3 Bd6 10. Bxd6 Qxd6 11. O-O e5 12. Re1 e4 13. Be2 h5 14. f3 exf3 15.
Bxf3 Ng4 16. h3 Qh2+ 17. Kf1 Ba6+ 0-1

[Event "Madrid ch - Previa A"]
[Site "Madrid ESP"]
[Date "2010.11.17"]
[Round "5.27"]
[White "Hernanz Villaoslada, Javier"]
[Black "Ojosnegros Martin, Angel"]
[Result "1-0"]
[WhiteElo "1669"]
[BlackElo "1376"]
[PlyCount "71"]
[EventDate "2010.11.10"]
[EventType "swiss"]
[EventRounds "9"]
[EventCountry "ESP"]
[Source "lmi"]
[SourceDate "2010.11.10"]

1. d4 Nf6 2. c4 g6 3. Nc3 Bg7 4. Nf3 O-O 5. e4 d6 6. Bd3 Bg4 7. h3 Bxf3 8. Qxf3
Nbd7 9. Be3 c6 10. g4 e5 11. d5 cxd5 12. cxd5 b6 13. h4 Nc5 14. Bc2 Qd7 15. Rg1
Rac8 16. h5 Bh8 17. Bh6 Bg7 18. Bg5 Ne8 19. Qe3 f6 20. Bh6 Bxh6 21. Qxh6 g5 22.
f4 exf4 23. e5 Qg7 24. Qxg7+ Kxg7 25. Bf5 Rc7 26. e6 a6 27. Kd2 Ra7 28. b4 Nb7
29. Rge1 Rh8 30. Rac1 a5 31. Nb5 Ra8 32. Nc7 Rc8 33. Nxe8+ Rhxe8 34. h6+ Kh8
35. Rxc8 Rxc8 36. e7 1-0

[Event "Madrid ch - Previa A"]
[Site "Madrid ESP"]
[Date "2010.11.22"]
[Round "6.1"]
[White "Lozano Sanchez, Jose Antonio"]
[Black "Camarero Izquierdo, Juan Carlos"]
[Result "0-1"]
[WhiteElo "1913"]
[BlackElo "1876"]
[PlyCount "90"]
[EventDate "2010.11.10"]
[EventType "swiss"]
[EventRounds "9"]
[EventCountry "ESP"]
[Source "lmi"]
[SourceDate "2010.11.10"]

1. e4 c5 2. Nf3 d6 3. Bc4 Nc6 4. Nc3 Nf6 5. d3 g6 6. O-O Bg7 7. a3 O-O 8. Bf4
a6 9. a4 Bg4 10. h3 Bxf3 11. Qxf3 Nd4 12. Qd1 Rb8 13. Ne2 Nh5 14. Bc1 b5 15.
Nxd4 Bxd4 16. axb5 axb5 17. Bb3 b4 18. Ra2 Ra8 19. Bh6 Ng7 20. Qa1 Rxa2 21.
Qxa2 e6 22. Be3 Qf6 23. Qa6 Qe5 24. Bxd4 Qxd4 25. Rb1 Nh5 26. Qc4 Nf4 27. Kf1
Qf6 28. e5 Qxe5 29. Re1 Qf6 30. c3 bxc3 31. bxc3 d5 32. Qb5 Qxc3 33. Rd1 Ra8
34. Qb7 Rf8 35. Qb5 Kg7 36. h4 Ra8 37. g3 Ra5 38. Qb6 Nxd3 39. Kg2 c4 40. Rb1
cxb3 41. Rxb3 Ne1+ 42. Kf1 Qd2 43. Rb2 Nc2 44. Qc7 Ra1+ 45. Kg2 Ne3+ 0-1